| 000 | 00720nam a2200229Ia 4500 | ||
|---|---|---|---|
| 999 |
_c65487 _d65487 |
||
| 005 | 20240530110827.0 | ||
| 008 | 140319s1994 ua 000 0 ara d | ||
| 017 |
_bمصر. دار الكتب _a94/4540 |
||
| 020 | _a9771006746 | ||
| 040 |
_aGCL / _cGCL |
||
| 082 | 0 | 4 |
_221 _a254/ _bم و |
| 100 | 0 | _aمحمد ابو زهرة | |
| 245 | 1 | 2 |
_aالولاية على النفس / _cمحمد ابو زهرة |
| 250 | _aط.1 | ||
| 260 |
_aالقاهرة : _bدار الفكر العربى، _c1994. |
||
| 300 |
_a180 ص. ؛ _c24 سم. |
||
| 600 | _aمحمد ابو زهرة | ||
| 650 | 0 | 4 |
_aالفقه الاسلامى _2qrmak |
| 651 | _2qrmak | ||
| 942 |
_2ddc _cBK |
||